Obnova verejných vodovodov

Gespeichert in:
Bibliographische Detailangaben
1. Verfasser: Ďuroška, Peter (Verfasst von)
Weitere Verfasser: Hrudka, Jaroslav (Betreuung Doktorarbeit)
Format: Manuskript Buch
Sprache:Slowakisch
Veröffentlicht: 2019
Schlagworte:
Online-Zugang:http://is.stuba.sk/zp/portal_zp.pl?podrobnosti=137277
https://opac.crzp.sk/?fn=detailBiblioForm&sid=A6067EBA354513018869DF0D9AAB
Tags: Tag hinzufügen
Keine Tags, Fügen Sie das erste Tag hinzu!

MARC

LEADER 00000ntm a22000003a 4500
001 stuzp72512
003 SK-STU
005 20230529115421.9
007 ta
008 150427s2015----xo-----f-mn---000-0-slo-d
040 |a STU  |b slo 
041 0 |a slo 
100 1 |a Ďuroška, Peter  |u 010280  |4 aut  |U SvF Stavebná fakulta  |T SvF Katedra zdravotného inžinierstva  |X 7151  |U V280  |Y 29  |7 7151 
242 0 1 |a Renovation of public water supply networks  |y eng 
245 1 0 |a Obnova verejných vodovodov 
260 |c 2019 
650 4 |a obnova  |2 slo 
650 4 |a verejný vodovod  |2 slo 
650 4 |a plán obnovy  |2 slo 
650 4 |a water distribution networks  |2 eng 
650 4 |a rehabilitation water mains  |2 eng 
650 4 |a multi-criteria decision-making  |2 eng 
700 1 |a Hrudka, Jaroslav  |u 010280  |k Z1  |4 ths  |U SvF Stavebná fakulta  |T SvF Katedra zdravotného inžinierstva  |X 50522  |U V280  |Y 29  |7 A000050522 
856 4 |u http://is.stuba.sk/zp/portal_zp.pl?podrobnosti=137277 
856 4 |u https://opac.crzp.sk/?fn=detailBiblioForm&sid=A6067EBA354513018869DF0D9AAB